1436 1181 1222 1335 1110 1751 1579 1771 1151 1221 1211 1915 1815 1773 1159 1225 1598 1257 1642 1242 1922 1670 1955 1639 1956 1844 1225 1845 1080 1621 1806 1836 1252 1224 1685 1647 1460 1106 1758 1520 1606 1882 1123 1871 1344 1444 1338 1554 1372 1484 1245 1663 1448 1120 1515 1920 1004 1953 1528 1331 1315 1021 1055 1243 1354 1484 1859 1305 1916 1512 1065 1553 1233 1198 1329 1633 1305 1298 1230 1788 1269 1184 1418 1435 1916 1766 1380 1051 1824 1374 1781 1798 1662 1447 1637 1476 1506 1034 1151 BCNSPRNW ULIB Ver.6.0+V

เปลี่ยนเป็นภาษาไทย

Change to English
 แสดงรายละเอียดบรรณานุกรม
  กลับหน้าหลัก

Brief Record : Get Marc (ISO 2709) : E-mail record : QR code < ปิดหน้าต่าง
LEADER : 00000nam 2200000uu 4500
001    13399123203
003     ULIB
008    020711s2551 th a 000 0 tha d
020    9789749694107
090    นว.^bว298อ
100    วรางคณา
245    อัญมณีสื่อรัก/^cวรางคณา
250    พิมพ์ครั้งที่ 1
260    กรุงเทพฯ :^bดอกหญ้า,^c2551
300    181 หน้า;^b21 ซม.
710    ดอกหญ้า
945    ^p135^l0^i20339
999    ^aทศพร เกษรทอง
รายการนี้ยังไม่มีแท็ก
คุณยังไม่ได้ล็อกอิน คุณสามารถมีกิจกรรมร่วมกับเว็บไซต์ได้ แต่ต้องล็อกอินก่อน ::
  ล็อกอิน

รายการสื่อสารสนเทศ

ลำดับที่ ประเภท เลขเรียก/บาร์โค้ด สถานที่ สถานะ
1. นวนิยาย
นวนิยาย
นว. ว298อ ฉ.1 
  Barcode: 20339
ห้องสมุดวิทยาเขตนครสวรรค์
►นวนิยาย:l:Fiction
บนชั้น

รายการใกล้เคียง
    ผู้แต่ง [วรางคณา]

BibComment


ยังไม่เคยถูกคอมเมนท์

คอมเมนท์ทรัพยากรรายการนี้
  คอมเมนท์: อัญมณีสื่อรัก วรา..


 Copyright 2026. Bcnsprnw @Library